00681 2200241 4500001002100000005001500021035002000036007000300056008004100059020002200100082001000122084001600132100001800148245010200166250001000268260002900278300003800307650002600345700001900371504002700390990001100417990001100428INLIS00000000000421920191014034242 a0010-1019000071ta191014 g 0 ind  a978-602-6751-77-5 a302.2 a302.2 AGU k0 aAGUS, Triyono1 aKomunikasi Religi, dan Budaya /cAgus Triyono...[et.al.]; editor, Fajar Junaedi, Ayub Dwi Anggoro acet.1 a[s.l] :bAPIK PTM,c2017 axxii, 612 hlm. :bilus. ;c24 cm. 4aSOSIOLOGI. KOMUNIKASI0 aFAJAR, Junaedi aBibliografi : hlm. 612 a6914 a a6914 b